000 nam a22 a 4500
999 _c139793
_d139793
003 BLK
005 20210205082133.0
008 180409b bul|||||r ||||||| ||bul||
010 _aKNG00145843000
040 _aBLK
041 _aBUL
_cBUL
080 _aБългарска литература
_b821.163.2
_x-93-32
_z821.163.2-93-32
100 1 _aГригоров, Крум
_eпърви автор
_gЗахариев, Крум Григоров
_9377033
139 _aГригоров, Крум
_bГ 82
245 1 0 _aЗвездана
_bРазказ : За предучилищна и нач. училищна възраст
_cКрум Григоров; худож. Мария Недкова; * Крум Григоров Захариев.
257 _aBGR
260 _bБълг. младеж
_c1961
_fСофия: ДПК Д. Благоев
_aСофия
300 _a20 с.
_bс ил.
_c33 см
380 _aDX
500 _aПълното име на авт. е Крум Григоров Захариев. - 40 100 тир.
653 _aлитература за деца
653 _aдетска литература
700 1 _aНедкова, Мария
_eхудож.
_9379238
700 1 _aЗахариев, Крум Григоров
_e*
_9276532
852 _aЦб ІІ 18166
856 4 _qpdf
856 4 _qpdf
942 _cKNG
_n0
_s1
944 _aCR
_c15.07.2013
_l15.07.2013 - от С1,Р / 15.07.2013
_kПолина_Златанова
944 _aED
_c15.07.2013
_l15.07.2013 - от С1,Р / 15.07.2013
999 _d139793